APUSH 100 Question test - Statistics

General Stats
  • This quiz has been taken 59 times
  • The average score is 41 of 100
Answer Stats
Hint Answer % Correct
1. When did Columbus reach the Americas? | 2. When did the Columbian Exchange begin? 1492
98%
45. When was the Declaration of Independence approved? | 46. When was Common Sense published? 1776
52%
44. When did Lexington and Concord occur? 1775
48%
12. When was Jamestown founded? | 13. When did indentured servants arrive in Virginia? 1607
46%
75. When did the Panic of 1819 occur? 1819
46%
76. When was the Missouri Compromise passed? 1820
46%
98. When did the Civil War end? 1865
46%
16. When did the Pilgrims land at Plymouth? | 17. When was the Mayflower Compact signed? 1620
44%
33. When did the French and Indian War begin? 1754
44%
34. When was the Proclamation of 1763 issued? 1763
44%
40. When did the Boston Massacre occur? 1770
44%
41. When did the Boston Tea Party occur? 1773
44%
52. When was the Northwest Ordinance passed? | 53. When was the Constitution written? 1787
44%
55. When was the Constitution ratified? | 56. When was George Washington elected president? | 57. When was the Judiciary Act passed? 1789
44%
64. When was Thomas Jefferson elected president? 1800
44%
70. When was the War of 1812 declared? 1812
44%
90. When was the Compromise of 1850 passed? 1850
44%
97. When was the Emancipation Proclamation issued? 1863
44%
35. When was the Sugar Act passed? 1764
42%
42. When were the Intolerable Acts passed? | 43. When was the First Continental Congress held? 1774
42%
47. When was the Treaty of Alliance with France signed? 1778
42%
50. When did the Treaty of Paris end the war? 1783
42%
60. When did the Whiskey Rebellion occur? 1794
42%
61. When was John Adams elected president? 1796
42%
77. When was the Monroe Doctrine issued? 1823
42%
78. When was Andrew Jackson elected president? 1828
42%
83. When did the Panic of 1837 occur? 1837
42%
89. When did the California Gold Rush begin? 1849
42%
92. When was the Kansas-Nebraska Act passed? 1854
42%
96. When did the Civil War begin? 1861
42%
99. When was the 14th Amendment ratified? 1868
42%
100. When was the 15th Amendment ratified? 1869
42%
36. When was the Stamp Act passed? | 37. When was the Quartering Act passed? 1765
40%
38. When was the Stamp Act repealed? 1766
40%
39. When were the Townshend Acts passed? 1767
40%
48. When were the Articles of Confederation ratified? | 49. When did the British surrender at Yorktown? 1781
40%
51. When did Shays’ Rebellion occur? 1786
40%
54. When were the Federalist Papers published? 1788
40%
58. When was the Bill of Rights ratified? 1791
40%
59. When was the cotton gin invented? 1793
40%
65. When was Marbury v. Madison decided? | 66. When was the Louisiana Purchase made? 1803
40%
67. When was the 12th Amendment ratified? | 68. When did Lewis and Clark begin their expedition? 1804
40%
74. When was the Second Bank of the U.S. chartered? 1816
40%
79. When was the Indian Removal Act passed? 1830
40%
84. When did the Trail of Tears occur? 1838
40%
87. When was the Treaty of Guadalupe Hidalgo signed? | 88. When was the Seneca Falls Convention held? 1848
40%
91. When was Uncle Tom’s Cabin published? 1852
40%
95. When was Abraham Lincoln elected president? 1860
40%
3. When was the Treaty of Tordesillas signed? 1494
38%
4. When was the Encomienda System established? 1512
38%
62. When did the XYZ Affair occur? 1797
38%
63. When were the Alien and Sedition Acts passed? 1798
38%
73. When did the Battle of New Orleans occur? 1815
38%
80. When did Nat Turner’s Rebellion occur? | 81. When was The Liberator founded? 1831
38%
82. When was Worcester v. Georgia decided? 1832
38%
85. When was Manifest Destiny first used? 1845
38%
93. When was Dred Scott v. Sandford decided? 1857
38%
94. When did John Brown raid Harpers Ferry? 1859
38%
11. When was the Dutch East India Company founded? 1602
37%
15. When was slavery introduced to Virginia? 1619
37%
20. When did Puritans migrate to Massachusetts? 1630
37%
25. When did Bacon’s Rebellion occur? | 26. When did King Philip’s War occur? 1676
37%
27. When did the Pueblo Revolt occur? 1680
37%
69. When was the Embargo Act passed? 1807
37%
71. When was Washington D.C. burned? | 72. When was the Treaty of Ghent signed? 1814
37%
86. When did the Mexican-American War begin? 1846
37%
18. When was New Amsterdam founded? 1626
35%
32. When was Georgia founded? 1733
35%
19. When was Massachusetts Bay Colony founded? 1629
33%
21. When was Rhode Island founded? | 22. When was Harvard College founded? 1636
33%
28. When was Pennsylvania founded? 1681
33%
29. When did the Salem Witch Trials occur? 1692
33%
5. When did Ponce de León land in Florida? | 6. When did Balboa see the Pacific Ocean? 1513
31%
7. When did Cortés invade the Aztec Empire? 1519
31%
10. When did Roanoke disappear? 1585
31%
14. When did the Anglo-Powhatan War begin? 1610
31%
31. When did the First Great Awakening begin? 1731
31%
8. When did the Atlantic Slave Trade rise? 1532
29%
23. When was the New England Confederation created? 1643
29%
24. When did England take New Netherland? 1667
29%
30. When did the American Enlightenment begin? 1714
29%
9. When was St. Augustine founded? 1565
27%
No matching quizzes found
Score Distribution
Percent of People with Each Score
Percentile by Number Answered
Your Score History
You have not taken this quiz